Bhupen Khakhar : (Record no. 171851)

MARC details
000 -LEADER
fixed length control field 00643nam a2200205 4500
005 - DATE AND TIME OF LATEST TRANSACTION
control field 20200122120526.0
010 ## - LCCN (DPL NO)
LC control number ENG-127510
020 ## - INTERNATIONAL STANDARD BOOK NUMBER
Terms of availability 200.00
International Standard Book Number 9788187649120
035 ## - SYSTEM CONTROL NUMBER
System control number EN-111042
037 ## - SOURCE OF ACQUISITION
Source of stock number/acquisition DBAD/PUB
082 ## - DEWEY DECIMAL CLASSIFICATION NUMBER
Classification number S
245 ## - TITLE STATEMENT
Title Bhupen Khakhar :
Statement of responsibility, etc translated by Ganesh Devy,Naushil Mehta [and] Bina Srinivasan
Remainder of title Maganbhai's Glue,Pages From a Diary/
260 ## - PUBLICATION, DISTRIBUTION, ETC. (IMPRINT)
Place of publication, distribution, etc New Delhi
Name of publisher, distributor, etc Katha Urdu Library
Date of publication, distribution, etc 2001
270 ## - ADDRESS
Address A-3 Sarvodaya Enclave Sri Aurobindo Marg
City New Delhi
Postal code 110017
300 ## - PHYSICAL DESCRIPTION
Extent 203p.
Dimensions 20cm(hb)
700 ## - ADDED ENTRY--PERSONAL NAME
Personal name Devy, Ganesh
700 ## - ADDED ENTRY--PERSONAL NAME
Personal name Mehta ,Naushi
700 ## - ADDED ENTRY--PERSONAL NAME
Personal name Srinivasan,Bina
942 ## - ADDED ENTRY ELEMENTS (KOHA)
Source of classification or shelving scheme Dewey Decimal Classification
Item type English Books
Classification part S
Call number suffix BHU
Holdings
Withdrawn status Lost status Not for loan Collection code Home library Current library Date acquired Source of acquisition Cost, normal purchase price Full call number Barcode Copy number Cost, replacement price Koha item type
      Fiction Central Library Central Library 22/01/2020 DBAD/PUB 200.00 S BHU EN-111042 1 200.00 English Books

© Delhi Public Library
Hit Counter
free hit counter